000 00548nam a2200205 a 4500
005 20210219152840.0
008 991125n 000 0 spa u
035 _aUPN01000062893
222 _aCOMUNICACION EDUCATIVA SEP
245 _aAcuerdo-circular de la SEP : medidas temporales para proteger la salud de los escolares
260 _aMéxico
300 _a11
362 0 _a1987 Año 5, no. 51, dic.
653 0 _aALUMNOS
653 0 _aCONTAMINACION
653 0 _aSALUD
653 0 _aSEP
904 _aAC
_b000704
905 _aArticulo
999 _c61908
_d61908